Dante hérétique, revolutionaire et socialiste (Record no. 26251)

MARC details
000 -LEADER
campo de control de longitud fija 00451nam a2200145 i 4500
001 - NÚMERO DE CONTROL
campo de control 26251
003 - IDENTIFICADOR DE NÚMERO DE CONTROL
campo de control ES-MaACL
007 - CAMPO FIJO DE DESCRIPCIÓN FÍSICA--INFORMACIÓN GENERAL
campo de control de longitud fija t|
008 - DATOS DE LONGITUD FIJA--INFORMACIÓN GENERAL
campo de control de longitud fija 030108s1854 fr ||||1| fre d
100 1# - ENTRADA PRINCIPAL--NOMBRE DE PERSONA
Nombre de persona Arou, E.
9 (RLIN) 23171
245 10 - MENCIÓN DEL TÍTULO
Título Dante hérétique, revolutionaire et socialiste
Resto del título : revelation d'un catholique sur le Moyen Age /
Mención de responsabilidad, etc. E. Aroux.
260 ## - PUBLICACIÓN, DISTRIBUCIÓN, ETC.
Lugar de publicación, distribución, etc. París :
Nombre del editor, distribuidor, etc. Jules Renovant et Cie,
Fecha de publicación, distribución, etc. 1854.
300 ## - DESCRIPCIÓN FÍSICA
Extensión XVI, 472 p. ;
Dimensiones 23 cm.
852 ## - LOCALIZACIÓN
Ubicación ES-MaACL
Número de control de estantería G-11903
Holdings
Estatus retirado Estado de pérdida Estado de daño No para préstamo Colección Biblioteca de origen Biblioteca actual Ubicación en estantería Fecha de adquisición Fuente de adquisición Total de préstamos Signatura topográfica completa Código de barras Visto por última vez Precio de reemplazo Tipo de ítem Koha
        Libros del s. XIX Biblioteca del Ateneo de Madrid Biblioteca del Ateneo de Madrid Sala Pecera Planta 3 17/01/2008     G-11903 1027091 23/02/2023 23/02/2023 Libro impreso antiguo